[Event "SuperChess Cup Blitz 2019"]
[Site "Bucharest"]
[Date "2019.11.09"]
[Round "4.4"]
[White "Peptan, Corina-Isabela"]
[Black "Miron, Lucian-Costin"]
[Result "0-1"]
[WhiteElo "2334"]
[BlackElo "2432"]
[Annotator "TA"]
[PlyCount "136"]
[EventDate "2019.11.06"]
[EventType "tourn"]
[EventCountry "ROU"]
[SourceTitle "playchess.com"]
[Source "ChessBase"]
[SourceQuality "1"]

{[%evp 14,136,0,0,0,0,7,12,14,-23,8,12,-3,-37,0,-35,0,-58,-10,-17,-26,-18,0,0,0,-16,14,37,24,-10,0,0,0,-33,0,19,22,18,22,25,22,22,996,968,880,735,743,652,699,695,5389,608,1064,1118,1098,1046,997,986,874,521,5708,2534,12841,1650,12841,2520,2806,2108,1818,1114,12838,12839,12837,12838,12841,12841,12841,12842,12838,-12840,-12840,-12841,-12840,-12841,-12841,-12844,-12839,-12839,-12837,-12839,0,-12836,0,-12839,0,-12841,-12835,-12839,-12833,-12839,-12831,-12834,-12835,-12835,-12835,-12832,-1415,-12839,-12840,-12845,-12846,-12846,-12847,-12847,-12845,-12845,-12843,-12843,-12843,-12844,-12844,-12848,0,-12849,-12849]} 1. c4 Nf6 2. Nf3 c6 3. d4 d5 4. Nc3 dxc4 5. e3 b5 6. a4 b4 7. Nb1 e6 8. Bxc4 c5 {D15: Slav Defence: 4 Nc3 a6 and gambit lines after 4 Nc3 dxc4} (8... Bb7 9. O-O Nbd7 10. Nbd2 c5 11. Nb3 Be7 12. Nxc5 Nxc5 13. dxc5 O-O 14. b3 Qc7 15. h3 Rfd8 16. Qe2 {½-½ (25) Postny,E (2674)-Zhang,P (2636) Kallithea 2008}) 9. O-O cxd4 10. Nxd4 $146 {Strongly threatening Qf3.} ({Predecessor:} 10. exd4 Be7 11. Bg5 Bb7 12. Nbd2 O-O 13. Re1 Nbd7 14. a5 Rc8 15. Qb3 Re8 16. Ne5 Nxe5 17. dxe5 Nd7 18. Bxe7 Qxe7 19. Qe3 Qc5 20. Bb3 Red8 21. Nc4 Qxe3 {½-½ (21) Cruz,W-De Oliveira,A Montevideo 1938}) 10... Bb7 {The position is equal.} 11. Bd2 Nbd7 (11... Bc5 {with more complications.} 12. Nb3 Be7 13. Bb5+ Nbd7 14. Be1 a6) 12. a5 Rc8 13. b3 Bc5 14. Qe1 Qe7 15. Nc2 (15. Ra4 $11) 15... O-O 16. Bxb4 Ne5 17. Bxc5 Qxc5 18. Nd2 {[%cal Bb1d2,Bd2e4,Be4c3][%mdl 32]} Rfd8 19. a6 Ba8 {[#] Threatens to win with ...Rxd2!} (19... Be4 $5 20. Nxe4 Nxe4 $15) 20. Nd4 Nd5 21. Ne4 Qe7 22. Bxd5 Bxd5 23. Nc3 Bxg2 (23... Ba8 $15 24. f4 Nd3) 24. Kxg2 $11 Nd3 25. Qd2 Qg5+ 26. Kh1 Rxd4 $1 27. f4 $36 {[%mdl 2048] White has some pressure.} Nxf4 $2 {[%mdl 8192]} (27... Qf5 $11) 28. exd4 $18 Rxc3 29. Rxf4 Qd5+ 30. Kg1 Rxb3 31. Rc1 {Intending Rc8+ and mate.} g6 32. Qg2 Qd6 33. Rcf1 f5 34. Qa8+ Rb8 35. Qxa7 Rd8 36. Qc5 Qd7 37. Qe5 Ra8 38. Ra1 Ra7 39. Rf2 Kf7 40. Re2 Qc6 41. Qe3 Rxa6 42. Rxa6 Qxa6 {[#]} 43. d5 $1 {[%cal Re3e6]} exd5 44. Qe8+ Kg7 45. Qe5+ Kh6 46. Qxd5 $4 {[%mdl 8192]} (46. Qf4+ $18 g5 47. Qe5) 46... Qxe2 {[%mdl 4096] Endgame KQ-KQ} 47. Qd6 Qe1+ 48. Kg2 Qe4+ 49. Kg1 Qg4+ 50. Kf2 Qh4+ 51. Kg2 Qg4+ 52. Kf2 Qh4+ 53. Kg2 Qe4+ $2 ({Better is} 53... Qe1 $19 {Hoping for ...Kh5.} 54. Qd7 Qe2+ 55. Kg3 Qf1) 54. Kf2 $2 {[%mdl 8192]} (54. Kg1 $11 Kg5 55. Qd8+ Kg4 56. Kf2) 54... Qc2+ 55. Kg3 Qb3+ 56. Kg2 Qb7+ 57. Kg3 Qf7 58. Qf4+ g5 59. Qd6+ Qg6 (59... Kh5 $142 60. Qd1+ Kg6) 60. Qf8+ Kh5 61. Qc5 f4+ 62. Kf2 Qe4 63. Qc8 Qe3+ 64. Kf1 h6 65. Qf5 Qc1+ 66. Kg2 Qd2+ 67. Kg1 Qe3+ $2 (67... Qe1+ $19 68. Kg2 Qe2+ 69. Kg1 Kh4) 68. Kg2 $2 {[%mdl 8192]} (68. Kf1 $11 Qf3+ 69. Ke1) 68... Qe2+ {Accuracy: White = 47%, Black = 35%.} 0-1

[Event "SuperChess Cup Blitz 2019"]
[Site "Bucharest"]
[Date "2019.11.09"]
[Round "4.5"]
[White "Parligras, Mircea-Emilian"]
[Black "Lupulescu, Constantin"]
[Result "1/2-1/2"]
[WhiteElo "2458"]
[BlackElo "2525"]
[Annotator "TA"]
[PlyCount "46"]
[EventDate "2019.11.06"]
[EventType "tourn"]
[EventCountry "ROU"]
[SourceTitle "playchess.com"]
[Source "ChessBase"]
[SourceQuality "1"]

{[%evp 24,46,8,0,0,0,15,14,14,0,28,17,22,6,10,9,28,20,26,15,43,41,55,55,55]} 1. e4 e5 2. Nf3 Nc6 3. Nc3 Nf6 4. d4 exd4 5. Nxd4 Bb4 6. Nxc6 bxc6 7. Bd3 d5 8. exd5 O-O 9. O-O cxd5 10. Bg5 c6 11. Qf3 Rb8 12. h3 Bd6 13. Rab1 h6 {C47: Scotch Four Knights and Four Knights with 4 g3} 14. Bxf6 (14. Bf4 Be6 15. Ne2 c5 16. c3 Re8 17. Rfd1 Rb6 18. Bc2 Bxf4 19. Nxf4 Qb8 20. b3 a5 21. Re1 {1-0 (33) Dubov,D (2694)-Matlakov,M (2709) Moscow 2018}) 14... Qxf6 15. Qxf6 gxf6 {The position is equal.} 16. Ne2 Bd7 17. Ng3 Rfe8 $146 ({Predecessor:} 17... Bxg3 18. fxg3 Kg7 19. b3 Rfe8 20. Rf4 c5 21. Rd1 {½-½ (36) Wang,C (2490)-Lin,C (2446) Beijing 2012}) 18. Nf5 Bxf5 19. Bxf5 Re7 20. b3 Kf8 21. Rfe1 Rxe1+ 22. Rxe1 Re8 23. Rxe8+ Kxe8 1/2-1/2

[Event "SuperChess Cup Blitz 2019"]
[Site "Bucharest"]
[Date "2019.11.09"]
[Round "5.1"]
[White "Lupulescu, Constantin"]
[Black "Gavrilescu, David"]
[Result "1/2-1/2"]
[WhiteElo "2525"]
[BlackElo "2274"]
[Annotator "TA"]
[PlyCount "101"]
[EventDate "2019.11.06"]
[EventType "tourn"]
[EventCountry "ROU"]
[SourceTitle "playchess.com"]
[Source "ChessBase"]
[SourceQuality "1"]

{[%evp 21,101,32,42,35,61,53,54,34,45,29,33,29,33,-1,0,0,0,-9,32,6,11,13,32,31,31,31,31,31,56,62,62,61,89,83,91,74,104,58,71,66,62,0,31,32,99,11,16,0,0,0,9,9,26,5,5,4,12,12,23,16,22,0,0,0,0,0,0,0,0,0,0,0,0,-8,-8,-8,-8,-8,0,0,0,-1]} 1. e4 c5 2. Nf3 g6 3. c4 Bg7 4. d4 cxd4 5. Nxd4 Nc6 6. Be3 d6 7. Nc3 Nh6 8. Be2 O-O 9. Qd2 Ng4 10. Bxg4 Bxg4 11. O-O Rc8 12. b3 {B38: Sicilian: Maroczy Bind with 5...Bg7 and 7...0-0} a6 13. Rac1 Bd7 14. Nd5 {White is slightly better.} e6 15. Nc3 Qa5 16. Nxc6 $146 ({Predecessor:} 16. Rfd1 Rfd8 17. Nde2 b5 18. cxb5 axb5 19. a4 bxa4 20. Nxa4 {0-1 (42) Jansa,V (2455)-Socko,B (2658) Germany 2013}) 16... Bxc6 17. Bd4 (17. Nd5 $5 Qxd2 18. Ne7+ {[%mdl 64] Double Attack} Kh8 19. Bxd2 $14) 17... Bxd4 18. Qxd4 Rfd8 19. Rfd1 Qe5 (19... b5 {keeps more tension.} 20. cxb5 axb5 21. h3 e5 22. Qd2 b4) 20. f3 Qxd4+ 21. Rxd4 Kf8 22. Rcd1 Ke7 23. a4 Rb8 24. Kf2 b5 25. cxb5 axb5 26. a5 e5 27. Nd5+ Bxd5 28. Rxd5 $16 {[%mdl 4096] Endgame KRR-KRR} b4 29. Ra1 Rdc8 30. a6 Rc2+ 31. Ke3 ({White should try} 31. Kg3 $14) 31... Rc3+ 32. Kd2 Rc7 ({Better is} 32... Kd7 $14) 33. Rda5 (33. Rc1 $16 Rxc1 34. Kxc1) 33... Ra7 $1 $11 34. R1a4 Rb6 35. Kd3 Rc6 36. Rxb4 Raxa6 37. Rxa6 Rxa6 {KR-KR} 38. Ra4 Rc6 39. Rc4 Rb6 40. Rc7+ Ke6 {The position is equal.} 41. Kc4 Ra6 $1 42. b4 {[%cal Bb3b4,Bb4b5,Bb5b6,Bb6b7][%mdl 32]} Ra2 {[#] Threatens to win with ...Rc2+.} 43. Kb3 Rxg2 44. b5 {Rc1 is the strong threat.} Rg1 45. Kb2 {Strongly threatening Rc2.} Rg2+ 46. Ka3 {Black must now prevent Rc1.} Rg1 47. b6 Rb1 48. b7 f5 49. Rxh7 fxe4 50. fxe4 d5 51. exd5+ {Accuracy: White = 49%, Black = 54%.} 1/2-1/2

[Event "SuperChess Cup Blitz 2019"]
[Site "Bucharest"]
[Date "2019.11.09"]
[Round "5.2"]
[White "Miron, Lucian-Costin"]
[Black "Parligras, Mircea-Emilian"]
[Result "1/2-1/2"]
[WhiteElo "2432"]
[BlackElo "2458"]
[Annotator "TA"]
[PlyCount "144"]
[EventDate "2019.11.06"]
[EventType "tourn"]
[EventCountry "ROU"]
[SourceTitle "playchess.com"]
[Source "ChessBase"]
[SourceQuality "1"]

{[%evp 18,143,8,8,8,0,0,0,0,0,-5,-25,46,32,44,53,106,122,127,124,102,0,-5,-161,-170,-172,-166,-157,-146,-144,-45,-49,-91,-67,-33,-159,-143,-318,0,0,0,0,0,0,0,-52,0,0,0,0,33,0,48,-162,-147,-150,-166,-138,0,-137,-121,-193,-7,-200,-176,-147,97,102,279,256,356,325,375,-8,-8,-8,0,0,0,0,0,0,0,0,278,8,8,0,0,0,0,0,0,7,117,117,117,116,118,81,118,-8,-8,-8,-8,-8,-8,-8,-8,-8,-8,-8,-8,-8,-8,-8,-8,-8,-8,-8,-8,-8,-8,-8,-8,-8,-8,-8]} 1. d4 Nf6 2. c4 e6 3. Nc3 Bb4 4. e3 O-O 5. Bd2 b6 6. Bd3 Bb7 7. Nf3 d5 8. cxd5 exd5 9. O-O Nbd7 10. Rc1 Be7 {E52: Nimzo-Indian: Rubinstein: 4...0-0 5 Nf3 d5 6 Bd3 b6} 11. Ne5 Nxe5 12. dxe5 Nd7 13. f4 Nc5 {[#]} 14. Be2 $146 ({Predecessor:} 14. Bb1 d4 15. Nb5 d3 {½-½ (37) Idani,P (2583)-Efimenko,Z (2637) Konya 2018}) 14... d4 (14... a5 $11) 15. Nb5 $1 $14 d3 16. Bf3 Bxf3 (16... Ne4 $1 $14) 17. Qxf3 $16 Qd7 18. Nd4 f5 19. b4 (19. Bb4 $16) 19... Ne4 $36 {[%mdl 2048] Black is more active.} 20. Rfd1 $2 (20. e6 $11 Qd5 21. Rxc7) 20... c5 $19 21. bxc5 bxc5 22. Nb3 Rac8 23. Rc4 Rb8 (23... Qd5 $17 24. Rdc1 g6) 24. Rxe4 $1 $15 fxe4 25. Qxe4 Rfd8 (25... Qf5 $5 {[%cal Rf5e4]} 26. Qxf5 Rxf5 $15) 26. Ba5 (26. Na5 $15) 26... Qd5 $17 27. Qf5 $2 (27. Qxd5+ $17 Rxd5 28. e4) 27... Rf8 $2 (27... g6 $19 28. Qg4 Rf8) 28. Rxd3 $11 Qxg2+ (28... Qc4 $5 29. Qd7 $8 {[%mdl 64] Double Attack} Qf7 $15) 29. Kxg2 Rxf5 30. Rd7 Bf8 31. Rc7 ({White should try} 31. Kg3 $11) 31... Rf7 ({Black should play} 31... g5 $1 $15 32. Bd2 gxf4 33. exf4 Bh6) 32. Rc6 Rd7 33. Kf3 g6 34. Ke4 Rb5 35. e6 $2 (35. h3 $14) 35... Rd6 $19 36. Rxd6 Bxd6 $17 {[%mdl 4096] Endgame KRB-KBN} 37. Kd5 {[#]} Be7 (37... c4+ $1 $17 {[%mdl 512]} 38. Kxc4 Rh5) 38. Kc6 (38. Kc4 $1 $11 {was the only way to keep the balance.} Rb8 39. e4) 38... a6 39. Kd5 {[#]} (39. Kd7 $17 {was worth a try.} c4 40. Nd4 Rxa5 41. Kxe7) 39... Kf8 $2 (39... c4+ $1 $19 {[%mdl 512]} 40. Kxc4 Rh5) 40. Bc3 $2 (40. Kc4 $1 $11 {and White is okay.}) 40... Ke8 41. e4 {[#] White wants to play Kc4.} Rb8 $2 (41... c4+ $1 $17 {[%mdl 512] keeps the pressure on.} 42. Kxc4 Rh5) 42. f5 $16 Rd8+ $2 (42... c4 $16 43. Kxc4 Rc8+ 44. Kd3 Bh4) 43. Kc4 $18 gxf5 44. exf5 Rd1 {Strongly threatening ...Rf1.} 45. Nxc5 $2 ({Only move:} 45. f6 $18) 45... Rf1 $11 46. Nxa6 Rxf5 47. Nc7+ $1 Kd8 48. Nd5 Rh5 49. a4 {[%cal Ba2a4,Ba4a5,Ba5a6,Ba6a7][%mdl 32]} Rh4+ 50. Kb5 {And now a5 would win.} Re4 $2 {[%mdl 8192]} (50... Rh5 $11 {and Black has nothing to worry.} 51. Kc6 Rxh2) 51. Ba5+ $2 ({Weaker is} 51. a5 Bd6 $16) (51. Nxe7 $18 Rxe6 52. a5) 51... Ke8 52. Bb6 {a5 is the strong threat.} Re5 53. Kc4 {Threatens to win with a5.} Bd6 54. a5 {Hoping for a6.} Rxe6 {White should prevent ...Kd7.} 55. a6 {aiming for a7.} Bb8 {[#]} (55... Bxh2 $11 56. a7 Rc6+ 57. Kb5 Rc8) 56. Nc7+ $1 $16 Bxc7 57. a7 Rc6+ 58. Kd5 Rd6+ {[#]} 59. Kc5 (59. Ke4 $1 $16 Rd8 60. Bxc7) 59... Bxb6+ $11 {The position is equal.} 60. Kxd6 Bxa7 {KB-KP} 61. Ke5 Kf7 62. Kf5 Kg7 63. h4 Kh6 {( -> ...Kh5)} 64. Kg4 Kg6 65. h5+ Kf6 66. h6 Kg6 67. Kh4 Bb8 68. Kh3 Kh5 69. Kg2 Kg4 70. Kh1 Kg3 71. Kg1 Ba7+ 72. Kh1 Bb6 {Accuracy: White = 44%, Black = 42%.} 1/2-1/2

[Event "SuperChess Cup Blitz 2019"]
[Site "Bucharest"]
[Date "2019.11.09"]
[Round "5.3"]
[White "David, Alexandru-Vasile"]
[Black "Peptan, Corina-Isabela"]
[Result "1-0"]
[WhiteElo "2361"]
[BlackElo "2334"]
[Annotator "TA"]
[PlyCount "45"]
[EventDate "2019.11.06"]
[EventType "tourn"]
[EventCountry "ROU"]
[SourceTitle "playchess.com"]
[Source "ChessBase"]
[SourceQuality "1"]

{[%evp 19,45,57,55,54,58,57,53,58,70,70,78,83,137,120,143,130,227,219,225,220,604,588,627,625,672,672,693,685]} 1. d4 d5 2. c4 dxc4 3. e3 Nf6 4. Bxc4 e6 5. Nf3 a6 6. O-O c5 7. Bd3 Nc6 8. Nc3 Be7 9. a3 O-O 10. dxc5 Bxc5 11. b4 {D27: Queen's Gambit Accepted: Classical main line: 7 e4!? and 7 a4} Bd6 (11... Ba7 12. Bb2 e5 13. h3 h6 14. Rc1 Qe7 15. Ne4 Bf5 16. Nxf6+ Qxf6 17. b5 axb5 18. Bxb5 Rfd8 {½-½ (31) Lalith,B (2529)-Guliyev,N (2545) Paris 2018}) 12. Bb2 Qe7 13. Qc2 {White is slightly better.} Bd7 14. Na4 $146 ({Predecessor:} 14. Rac1 Rfd8 15. Rfd1 Be8 16. h3 Rac8 17. Qb1 Bb8 18. Be2 Rxd1+ 19. Rxd1 {0-1 (55) Baranov,J (2173)-Bogdanovich,S (2414) Alushta 2009}) 14... Rac8 15. Nb6 Nxb4 (15... Rc7 $142) 16. Nxc8 Rxc8 17. Bxf6 $1 Nxc2 (17... gxf6 $16 18. Bxh7+ Kg7) 18. Bxe7 $18 Bxe7 19. Rac1 Bb5 $2 {[#]} (19... Ba4 20. Ne1 Bxa3) 20. Bxb5 {White is clearly winning.} ({Not} 20. Rxc2 Rxc2 21. Bxc2 Bxf1 $18) 20... Bxa3 21. Bd3 Bxc1 22. Rxc1 Rc3 23. Rxc2 1-0

[Event "SuperChess Cup Blitz 2019"]
[Site "Bucharest"]
[Date "2019.11.09"]
[Round "5.4"]
[White "Istratescu, Andrei"]
[Black "Deac, Bogdan-Daniel"]
[Result "1-0"]
[WhiteElo "2604"]
[BlackElo "2544"]
[Annotator "RC"]
[PlyCount "131"]
[EventDate "2019.11.06"]
[EventType "tourn"]
[EventCountry "ROU"]
[SourceTitle "playchess.com"]
[Source "ChessBase"]
[SourceQuality "1"]
[TimeMode "Bronstein"]
[TimeControl "300+3"]

1. e4 {[%emt 0:00:00]} e5 {[%emt 0:00:00]} 2. Nf3 {[%emt 0:00:03]} Nc6 {[%emt 0:00:00]} 3. Bb5 {[%emt 0:00:03]} a6 {[%emt 0:00:00]} 4. Ba4 {[%emt 0:00:04]} Nf6 {[%emt 0:00:00]} 5. d3 {[%emt 0:00:03]} Bc5 {[%emt 0:00:00]} 6. O-O {[%emt 0:00:08]} d6 {[%emt 0:00:14]} 7. Bxc6+ {[%emt 0:00:30]} bxc6 {[%emt 0:00:03]} 8. Be3 {[%emt 0:00:03]} Bb6 {[%emt 0:01:09]} 9. c4 {[%emt 0:00:21]} O-O {[%emt 0:00:28]} 10. c5 {[%emt 0:01:08]} Bxc5 {[%emt 0:00:15]} 11. Bxc5 {[%emt 0:00:03]} dxc5 {[%emt 0:00:03]} 12. Qc2 {[%emt 0:00:03]} Qd6 {[%emt 0:01:02]} 13. Qc3 {[%emt 0:00:08]} Nh5 {[%emt 0:00:47]} 14. g3 {[%emt 0:00:30]} Bh3 {[%emt 0:00:07]} 15. Re1 {[%emt 0:00:21]} Nf4 {[%emt 0:00:18]} 16. Nxe5 {[%emt 0:00:15]} Ne6 {[%emt 0:00:12]} 17. Nd2 {[%emt 0:00:17]} Nd4 {[%emt 0:00:24]} 18. Nef3 {[%emt 0:00:12]} Rfd8 {[%emt 0:00:23]} 19. Nxd4 {[%emt 0:00:35]} Qxd4 {[%emt 0:00:03]} 20. Re3 {[%emt 0:00:19]} Rab8 {[%emt 0:00:08]} 21. Nb3 {[%emt 0:00:21]} Qxc3 {[%emt 0:00:03]} 22. bxc3 {[%emt 0:00:03]} c4 {[%emt 0:00:03]} 23. dxc4 {[%emt 0:00:03]} Be6 {[%emt 0:00:03]} 24. Nd4 {[%emt 0:00:07]} Bd7 {[%emt 0:00:03]} 25. c5 {[%emt 0:00:03]} Rb2 {[%emt 0:00:03]} 26. Re2 {[%emt 0:00:09]} Rxe2 {[%emt 0:00:03]} 27. Nxe2 {[%emt 0:00:03]} Rb8 {[%emt 0:00:03]} 28. Rd1 {[%emt 0:00:03]} Be6 {[%emt 0:00:03]} 29. a4 {[%emt 0:00:04]} Kf8 {[%emt 0:00:03]} 30. Nd4 {[%emt 0:00:03]} Bd7 {[%emt 0:00:03]} 31. Nc2 {[%emt 0:00:06]} Ke7 {[%emt 0:00:03]} 32. a5 {[%emt 0:00:07]} Rb5 {[%emt 0:00:03]} 33. Ra1 {[%emt 0:00:03]} Rxc5 {[%emt 0:00:03]} 34. Nb4 {[%emt 0:00:03]} Bc8 {[%emt 0:00:03]} 35. Ra3 {[%emt 0:00:03]} Rc4 {[%emt 0:00:03]} 36. f3 {[%emt 0:00:03]} Rc5 {[%emt 0:00:03]} 37. Kf2 {[%emt 0:00:03]} h5 {[%emt 0:00:03]} 38. Ke3 {[%emt 0:00:03]} Kd7 {[%emt 0:00:03]} 39. f4 {[%emt 0:00:03]} Rb5 {[%emt 0:00:03]} 40. Nd3 {[%emt 0:00:03]} Ke7 {[%emt 0:00:03]} 41. c4 {[%emt 0:00:03]} Rb1 {[%emt 0:00:03]} 42. Ra2 {[%emt 0:00:03]} h4 {[%emt 0:00:04]} 43. gxh4 {[%emt 0:00:03]} g6 {[%emt 0:00:03]} 44. Rb2 {[%emt 0:00:03]} Ra1 {[%emt 0:00:03]} 45. Rb8 {[%emt 0:00:03]} Be6 {[%emt 0:00:03]} 46. Ne5 c5 {[%emt 0:00:03]} 47. h5 {[%emt 0:00:03]} Ra3+ {[%emt 0:00:03]} 48. Kf2 {[%emt 0:00:03]} Ra2+ {[%emt 0:00:04]} 49. Kg3 {[%emt 0:00:03]} Ra3+ {[%emt 0:00:03]} 50. Kf2 {[%emt 0:00:03]} Ra2+ {[%emt 0:00:03]} 51. Ke3 {[%emt 0:00:03]} gxh5 52. f5 Bd7 {[%emt 0:00:03]} 53. Rb7 {[%emt 0:00:03]} f6 {[%emt 0:00:03]} 54. Ng6+ {[%emt 0:00:04]} Kd6 {[%emt 0:00:03]} 55. Rb8 {[%emt 0:00:03]} Ra3+ {[%emt 0:00:03]} 56. Kf4 {[%emt 0:00:03]} c6 {[%emt 0:00:03]} 57. Rf8 {[%emt 0:00:03]} Ra2 {[%emt 0:00:03]} 58. Rxf6+ {[%emt 0:00:03]} Kc7 {[%emt 0:00:03]} 59. Ne5 {[%emt 0:00:03]} Be8 {[%emt 0:00:03]} 60. Re6 {[%emt 0:00:03]} Kd8 {[%emt 0:00:03]} 61. Nxc6+ {[%emt 0:00:03]} Kd7 {[%emt 0:00:03]} 62. Ne5+ {[%emt 0:00:03]} Kd8 {[%emt 0:00:03]} 63. Rxa6 {[%emt 0:00:03]} Rxh2 {[%emt 0:00:03]} 64. f6 {[%emt 0:00:03]} Rf2+ {[%emt 0:00:03]} 65. Ke3 {[%emt 0:00:03]} Rf1 {[%emt 0:00:03]} 66. Ra8+ {[%emt 0:00:03]} 1-0

[Event "SuperChess Cup Blitz 2019"]
[Site "Bucharest"]
[Date "2019.11.09"]
[Round "5.5"]
[White "Cosma, Elena-Luminita"]
[Black "Georgescu, Tiberiu-Marian"]
[Result "0-1"]
[WhiteElo "2199"]
[BlackElo "2373"]
[Annotator "TA"]
[PlyCount "57"]
[EventDate "2019.11.06"]
[EventType "tourn"]
[EventCountry "ROU"]
[SourceTitle "playchess.com"]
[Source "ChessBase"]
[SourceQuality "1"]

{[%evp 9,57,34,39,37,29,32,39,25,27,33,41,23,25,18,36,14,24,8,60,85,78,83,85,82,91,86,94,62,98,89,102,97,104,92,87,90,106,91,110,72,89,89,95,93,71,53,47,49,52,52]} 1. d4 d5 2. c4 dxc4 3. Nf3 Nf6 4. e3 b5 5. a4 b4 6. Bxc4 {D25: Queen's Gambit Accepted: 4 e3: sidelines and 4...Bg4} e6 7. O-O (7. a5 a6 8. Nbd2 Bb7 9. O-O c5 10. Nb3 Nbd7 11. dxc5 Nxc5 12. Nxc5 Bxc5 {1-0 (45) Bluebaum,M (2631)-Anand,V (2776) Karlsruhe/Baden-Baden 2018}) 7... Be7 8. Nbd2 Bb7 9. a5 a6 10. Nb3 Nbd7 11. Bd2 O-O 12. Qe2 Ne4 $146 ({Predecessor:} 12... Qb8) 13. Rfc1 (13. Be1 {is more complex.} Bd6 14. Nfd2 Nxd2 15. Bxd2 e5 16. Rae1) 13... Nxd2 ({Black should try} 13... Bd6 $11) 14. Nfxd2 $14 c5 {[#]} 15. dxc5 $1 Nxc5 16. Nxc5 Bxc5 {[#]} 17. Bxe6 $1 {[%mdl 512]} Qg5 {[%csl Gb7][%cal Rg5g2]} (17... fxe6 18. Rxc5) 18. Bh3 Bd6 19. Nc4 Bc7 20. Qg4 Qb5 21. Qf5 Qxf5 22. Bxf5 Rad8 23. Rd1 Bd5 24. Bd3 Be6 {With the idea ...Rxd3!} 25. Be2 Rxd1+ 26. Rxd1 Rb8 27. h3 g6 28. b3 Rb5 29. Ra1 {[%mdl 32768] Accuracy: White = 73%, Black = 44%. . Loss on time!?} 0-1

[Event "SuperChess Cup Blitz 2019"]
[Site "Bucharest"]
[Date "2019.11.09"]
[Round "6.1"]
[White "Gavrilescu, David"]
[Black "Georgescu, Tiberiu-Marian"]
[Result "1-0"]
[WhiteElo "2274"]
[BlackElo "2373"]
[Annotator "TA"]
[PlyCount "90"]
[EventDate "2019.11.06"]
[EventType "tourn"]
[EventCountry "ROU"]
[SourceTitle "playchess.com"]
[Source "ChessBase"]
[SourceQuality "1"]

{[%evp 21,90,22,47,9,18,0,62,33,98,97,100,83,115,76,76,76,79,0,47,32,75,74,54,71,81,77,62,52,56,39,60,15,77,61,92,89,62,26,192,199,207,218,235,89,168,164,152,-11,251,164,216,212,185,190,224,181,296,259,404,435,384,353,337,346,442,446,467,462,434,441,832]} 1. e4 d6 2. d4 Nf6 3. Nc3 e5 4. Nge2 Nbd7 5. g3 c6 6. a4 g6 7. Bg2 Bg7 8. O-O O-O 9. h3 Re8 10. Be3 exd4 11. Bxd4 Qe7 12. g4 {B07: Pirc Defence: Miscellaneous Systems} Nc5 {[%cal Rf6e4]} 13. Ng3 a5 (13... Ne6 $11 14. Be3 b6) (13... Ne6 14. Be3 d5 15. exd5 Nxd5 16. Nxd5 cxd5 17. Bxd5 Bxb2 18. Rb1 Bg7 19. Qf3 Rb8 {1-0 (53) Romanov,E (2631)-Getz,A (2321) Philadelphia 2012}) 14. Re1 $146 {White is slightly better.} ({Predecessor:} 14. g5 Nfd7 15. f4 Bxd4+ 16. Qxd4 Ne6 17. Qd2 h6 18. gxh6 Qh4 19. Nce2 Qxh6 20. Qxd6 {0-1 (34) Huisl,W (2325)-Euler,G (2345) Germany 1993}) 14... Nfd7 (14... h5 $14) 15. Bxg7 $16 Kxg7 16. Qd4+ Qe5 17. Rad1 Qxd4 18. Rxd4 d5 19. Red1 (19. Rdd1 $16) 19... dxe4 (19... Ne6 {seems wilder.} 20. R4d2 d4 21. Nce2 Ndc5 22. Nxd4 Nxa4 23. Rb1 Rd8) 20. Ngxe4 Nxe4 21. Nxe4 {[#] Hoping for Nd6.} Nb6 22. b3 Be6 23. Nc5 Re7 24. c4 Rae8 25. Kh2 Bc8 26. Kg3 Re2 (26... Na8 $11 {keeps the balance.}) 27. Rd8 R2e5 {And now ...Rxd8 would win.} 28. Rxe8 Rxe8 29. Rd3 Re5 $2 (29... f5 $11) 30. Ne4 $18 Re7 {[#]} 31. Rd8 $1 Be6 32. g5 (32. Nd6 $18 {is more deadly.}) 32... Nd7 (32... Rd7 $16 33. Rb8 Rd3+ 34. Kf4 Rxb3) 33. Nd6 $36 {[%mdl 2048] Threatens to win with Nc8. Keeping Black busy.} Nc5 34. Bf3 $2 ({White should play} 34. Ne8+ $16 Rxe8 35. Rxe8) 34... b6 $2 {[%mdl 8192]} (34... Rd7 $11 {and Black has nothing to worry.} 35. Ne8+ Kf8 36. Rxd7 Nxd7) 35. Bxc6 {Ne8+ is the strong threat.} f5 (35... Bd7 $142) 36. Ne8+ Kf7 37. Nf6 Rc7 38. Bb5 Nxb3 (38... Rc8 {was worth a try.} 39. Rd6 Rb8) 39. Rh8 ({Less strong is} 39. Nxh7 Bxc4 40. Be8+ Ke7 $14) 39... Ke7 (39... Rc5 $142 40. Rxh7+ Kf8) 40. Rxh7+ Kd8 {intending ...Rxh7.} 41. Rh8+ Ke7 42. h4 Rc5 43. Re8+ {White is clearly winning.} Kd6 44. h5 gxh5 45. g6 Ke5 {Accuracy: White = 53%, Black = 27%.} (45... Rc7 $142 46. Rb8 Kc5 47. Nxh5 Nd4) 1-0